000 00424nam a22001697a 4500
005 20250829154415.0
008 250829b |||||||| |||| 00| 0 eng d
037 _cTB
040 _aCRL
_cCRL
041 _2eng
_aeng
084 _qCRL
245 _aMinistry of Environment silent revolution for environmental conservation
260 _c1999.
300 _a58p.
942 _2CC
_cTB
_n0
999 _c1435000
_d1435000